书目信息 |
| 书名: | Semiconductor Optics | |
| 作者: | by C.F.Klingshirn. | |
| 分册号: | ||
| 分册名: | 出版地: | 北京 : |
|
| 出版社: | 科学出版社 | |
| 出版时间: | 2007. | |
| 页数: | 809 p. ; | |
| 开本: | 22cm. | |
| 丛书名: | 国外物理名著系列(影印版) | |
| 中图分类号: | ||
| 科图分类号: | ||
| 其他分类号: | O472 | |
| 主题词: | ||
| 电子资源: | ||
| 000 | 00549nam 2200193 a 4500 | |
| 001 | E0838015401 | |
| 005 | 20080422103616.04 | |
| 008 | 080422s2007 00010 eng | |
| 020 | @a978-7-03-018785-7 :@cCNY118.00. | |
| 040 | @aPFT@bchi | |
| 041 | @aeng@heng | |
| 090 | @aO472 | |
| 099 | @dO472@ex8 | |
| 245 | @aSemiconductor Optics / @cby C.F.Klingshirn. | |
| 246 | @a半导体光学 | |
| 250 | @a本书英文影印版由德国施普林格出版公司授权出版。. | |
| 260 | @a北京 :@b科学出版社,@c2007. | |
| 300 | @a809 p. ;@c22cm. | |
| 440 | @a国外物理名著系列(影印版)@n5 | |
| Semiconductor Optics / / by C.F.Klingshirn.-本书英文影印版由德国施普林格出版公司授权出版。.-北京 : : 科学出版社, , 2007. |
| 809 p. ; ; 22cm.- (国外物理名著系列(影印版) 5) |
| ISBN 978-7-03-018785-7 :CNY118.00. |
| ● |
| 相关链接 |
|
|
|
|
正题名:Semiconductor Optics
索取号:O472/x8
 
预约/预借
| 序号 | 登录号 | 条形码 | 馆藏地/架位号 | 状态 | 备注 |
| 1 | 0017613 | 300176137 | 第二样本阅览室/ [索取号:O472/x8] | 在馆 | |
| 2 | 0017614 | 300176146 | 第四借阅区/ [索取号:O472/x8] | 在馆 | |
| 3 | 0017615 | 300176155 | 第四借阅区/ [索取号:O472/x8] | 在馆 | |
| 4 | 0017616 | 300176164 | 第四借阅区/ [索取号:O472/x8] | 在馆 |